<?xml version="1.0" encoding="UTF-8"?>
<marc:record xmlns:marc="http://www.loc.gov/MARC21/slim">
   <marc:leader>00000nam a2200000 a 4500</marc:leader>
   <marc:datafield ind1="1" ind2=" " tag="100">
      <marc:subfield code="a">Hingrat, Liliana Le</marc:subfield>
      <marc:subfield code="4">aut</marc:subfield>
      <marc:subfield code="e">Verfasser/-in</marc:subfield>
   </marc:datafield>
   <marc:datafield ind1="0" ind2="0" tag="245">
      <marc:subfield code="a">Das dunkle Herz der Welt</marc:subfield>
   </marc:datafield>
   <marc:datafield ind1="0" ind2="0" tag="245">
      <marc:subfield code="b">Roman</marc:subfield>
   </marc:datafield>
   <marc:datafield ind1="0" ind2="0" tag="245">
      <marc:subfield code="c">Liliana Le Hingrat</marc:subfield>
   </marc:datafield>
   <marc:datafield ind1=" " ind2="1" tag="264">
      <marc:subfield code="a">Deutschland</marc:subfield>
      <marc:subfield code="b">droemer</marc:subfield>
      <marc:subfield code="c">2015</marc:subfield>
   </marc:datafield>
   <marc:datafield ind1="1" ind2=" " tag="520">
      <marc:subfield code="a">Dracula ist seit Bram Stoker weltweit bekannt. Nun wird die historische Seite seiner Geschichte erzählt. Sie beginnt mit der tragischen Liebe seiner Eltern,die politische Intrigen und Brudermord überwinden muss. Im 15. Jahrhundert ist Vladislav Basarab Draco gezwungen, den Thron seines Vaters gegen machtgierige Vettern und Könige zu verteidigen. In seiner Not wendet er sich an die Osmanen und kämpft als christlicher Ritter an der Seite des muslimischen Heeres.Um sich die Unterstützung des osmanischen Reichs zu sichern,schickt er einen Sohn Vlad Dracula als Geisel an den Hof des Sultans ... (Verl.txt)</marc:subfield>
   </marc:datafield>
   <marc:datafield ind1=" " ind2=" " tag="020">
      <marc:subfield code="a">9783426517598</marc:subfield>
      <marc:subfield code="9">9783426517598</marc:subfield>
   </marc:datafield>
   <marc:datafield ind1=" " ind2=" " tag="020">
      <marc:subfield code="a">3426517590</marc:subfield>
      <marc:subfield code="9">3426517590</marc:subfield>
   </marc:datafield>
   <marc:datafield ind1=" " ind2=" " tag="300">
      <marc:subfield code="a">762 S.</marc:subfield>
   </marc:datafield>
</marc:record>
